000
00355nam a22001577a 4500
003
MPLRDC
005
20220104123640.0
008
210129b ||||| |||| 00| 0 eng d
082
_a
293.27 YBJ
100
_a
颜碧君编
245
_a
淑女与星座
_c
260
_a
_b
快泽图书公司
_c
300
_b
平
650
_a
942
_c
BK
_o
293.27 YBJ
999
_c
13076
_d
13066